000 01061nam a2200265 4500
001 5973
010 _a9722505408
021 _b45273/91
090 _a5973
100 _a20211231d1991 a||y0pory5003 ba
200 1 _aA Amazónia
_eMitos e Lendas
_fDaniel Küss, il. Jean Torton
210 _aVenda Nova
_cBertrand
_dD. L. 1991
215 _a46, [2] p.
_cil.
225 2 _aMitos e lendas
304 _aTít. orig.: L'Amazonie
330 _aO mistério da criação do dia e da noite, a lenda do Eldorado, a incrível história do homem-árvore, as façanhas dos grandes heróis indígenas. Estas e outras narrativas fascinantes nos falam dos mistérios da Amazónia, um mundo onde magia e realidade se confundem e onde o homem precisa viver em estreita harmonia com a natureza.
606 _914
_aLiteratura infantil
606 _913
_aLiteratura Estrangeira
675 _a82-93 / 821.1/.8
675 _a398.2
_vBN
_zpor
700 _aKüss
_bDaniel
_95652
701 _95653
_aTorton
_bJean
801 0 _aPT
_bBMVN
_gRPC
830 _cInês Silva
_d31/12/2021
990 _cLIVROS